000 00362nam a2200133Ia 4500
008 240624s9999 xx 000 0 und d
041 _aeng
082 _a658.4092 HES
100 _aHESSELBEIN FRANCES
245 _aLEADER OF THE FUTURE 2 VISIONS STRATEGIE
260 _c2006
_aSan Francisco
_bJossey-Bass
300 _axviii, : 318 : p. : cm. ; 24
365 _c
_b28
999 _c7382
_d7382